Podnikanie v slovenskom agropotravinárstve

Význam podnikania v agropotravinárstve. Postavenie agropotravinárstva v národnom hospodárstve. Poľnohospodárska produkcia v SR a podpory do vybraného odvetvia. Tržby, výsledok hospodárenia poľnohospodárskej výroby a dotácie na Slovesnku.

Saved in:
Bibliographic Details
Main Author: Šúbertová, Elena
Format: Book Chapter
Language:Slovak
Subjects:
Tags: Add Tag
No Tags, Be the first to tag this record!

MARC

LEADER 00000nla a2200000 4500
001 0241837
005 20240527073727.8
041 0 |a slo 
044 |a CZ 
245 1 0 |a Podnikanie v slovenskom agropotravinárstve  |c E. Šúbertová 
520 |a Význam podnikania v agropotravinárstve. Postavenie agropotravinárstva v národnom hospodárstve. Poľnohospodárska produkcia v SR a podpory do vybraného odvetvia. Tržby, výsledok hospodárenia poľnohospodárskej výroby a dotácie na Slovesnku. 
610 2 0 |a podnikanie 
610 2 0 |a potravinárstvo 
610 2 0 |a potraviny 
610 2 0 |a poľnohospodárstvo 
610 2 0 |a výrobky 
610 2 0 |a výrobky domáce 
610 2 0 |a výrobky poľnohospodárske 
610 2 0 |a výsledok hospodársky 
610 2 0 |a Slovensko 
610 2 0 |a Európska únia 
100 1 |a Šúbertová, Elena